| 000 | 00467pab a2200157 454500 | ||
|---|---|---|---|
| 008 | 180718b2001 xxu||||| |||| 00| 0 eng d | ||
| 100 | _aKutaula, S.S. | ||
| 245 | _aA rational econometric approach for Punjab agriculture associated with UOP profit function model | ||
| 260 | _c2001 | ||
| 300 | _ap.393-410. | ||
| 362 | _aJul-Dec | ||
| 650 | _aAgriculture - India - Punjab | ||
| 650 | _aAgricultural economics | ||
| 773 | _aIndian Economic Review | ||
| 909 | _a56716 | ||
| 999 |
_c56716 _d56716 |
||